Nonlinearity in Living Systems: Theoretical and Practical Perspectives on Metrics of Physiological Signal Complexity (Record no. 23506)
[ view plain ]
| 000 -LEADER | |
|---|---|
| fixed length control field | 00723nam a2200133Ia 4500 |
| 008 - FIXED-LENGTH DATA ELEMENTS--GENERAL INFORMATION | |
| fixed length control field | 220620s9999||||xx |||||||||||||| ||und|| |
| 020 ## - INTERNATIONAL STANDARD BOOK NUMBER | |
| International Standard Book Number | 9782890000000 |
| 245 #0 - TITLE STATEMENT | |
| Title | Nonlinearity in Living Systems: Theoretical and Practical Perspectives on Metrics of Physiological Signal Complexity |
| 546 ## - LANGUAGE NOTE | |
| Language note | English[eng] |
| 650 ## - SUBJECT ADDED ENTRY--TOPICAL TERM | |
| Topical term or geographic name entry element | nonlinearity||nonlinear measures||Nonlinear signal processing||Complexity||EEG||Hearth rate variability||fractal dimension||Higuchi fractal dimension||entropy||Brain |
| 700 ## - ADDED ENTRY--PERSONAL NAME | |
| Personal name | Spasić, Sladjana||Kesić, Srdjan |
| 856 ## - ELECTRONIC LOCATION AND ACCESS | |
| Uniform Resource Identifier | <a href="https://www.frontiersin.org/research-topics/6983/nonlinearity-in-living-systems-theoretical-and-practical-perspectives-on-metrics-of-physiological-si">https://www.frontiersin.org/research-topics/6983/nonlinearity-in-living-systems-theoretical-and-practical-perspectives-on-metrics-of-physiological-si</a> |
| 942 ## - ADDED ENTRY ELEMENTS (KOHA) | |
| Koha item type | E-Books |
| Withdrawn status | Lost status | Damaged status | Not for loan | Home library | Current library | Date acquired | Total Checkouts | Date last seen | Price effective from | Koha item type |
|---|---|---|---|---|---|---|---|---|---|---|
| Kerala University of Digital Sciences, Innovation and Technology Knowledge Centre | Kerala University of Digital Sciences, Innovation and Technology Knowledge Centre | 20/06/2022 | 20/06/2022 | 20/06/2022 | E-Books |